000 00305nam a2200121Ia 4500
008 220204s9999 xx 000 0 und d
082 _a58/581:635.91
_bBON
100 _aBONAR, Ann
245 0 _aWonderful world of indoor plants
260 _aLondon
_bGalley
_c1976
650 _aIndoor plants
942 _cBK
999 _c35547
_d35547